Представление документа в формате RUSMARC

ПолеНазваниеЗначение
  Тип записи a
  Библиографический уровень m
001 Контрольный номер RU/SLIB/B/208719166
005 Дата корректировки 20201206203938.6
010 Индекс ISBN __
d Цена 0-68
101 Язык документа __
a Язык текста rus
200 Заглавие и сведения об ответственности 1_
a Заглавие Познание России
e Сведения, относящиеся к заглавию статьи
b Общее обозначение материала Текст
210 Выходные данные __
a Место издания М.
c Издательство Моск. рабочий
d Дата издания 1974
215 Физическое описание __
a Объем 351 с.
600 Персоналии __
a Персоналии (Фамилия) Есенин, С. А.
600 Персоналии __
a Персоналии (Фамилия) Заболоцкий, И.
600 Персоналии __
a Персоналии (Фамилия) Исаковский, М.
600 Персоналии __
a Персоналии (Фамилия) Леонов, Л. М.
600 Персоналии __
a Персоналии (Фамилия) Майков, В. Н.
600 Персоналии __
a Персоналии (Фамилия) Островский, А. Н.
600 Персоналии __
a Персоналии (Фамилия) Рыленков, Н.
600 Персоналии __
a Персоналии (Фамилия) Твардовский, А. Т.
600 Персоналии __
a Персоналии (Фамилия) Федин, К. А.
600 Персоналии __
a Персоналии (Фамилия) Крутилин, С.
600 Персоналии __
a Персоналии (Фамилия) Андрей Рублев
600 Персоналии __
a Персоналии (Фамилия) Осетров, Е.
606 Тематические рубрики __
a Основная рубрика Литературоведение
606 Тематические рубрики __
a Основная рубрика Русская литература XIX в.
606 Тематические рубрики __
a Основная рубрика Русская литература XX в.
606 Тематические рубрики __
a Основная рубрика Художественная литература
606 Тематические рубрики __
a Основная рубрика Русская литература XIX в. (произведения)
606 Тематические рубрики __
a Основная рубрика Русская литература XX в. (произведения)
610 Ключевые слова __
a Ключевые слова прозаики; писатели; советская литература; литературная критика; литературная деятельность; литературное творчество; литературно-критические статьи; критические статьи
686 Индексы других классификаций __
a Классификационный индекс 83.3(2Рос=Рус)6
686 Индексы других классификаций __
a Классификационный индекс 84(2Рос=Рус)6-4
700 Автор _1
a Фамилия Осетров
b Имя Е. И.
4 Код отношения 070
801 Источник записи _0
a Страна RU
b Организация Муниципальное бюджетное учреждение культуры "Централизованная библиотечная система" г. Сургут (Центральная городская библиотека им. А. С. Пушкина)
g Правила каталогизации К/Пронина
801 Источник записи _1
a Страна RU
b Организация Муниципальное бюджетное учреждение культуры "Централизованная библиотечная система" г. Сургут (Центральная городская библиотека им. А. С. Пушкина)
g Правила каталогизации К/Пронина
852 Данные о местонахождении __
j Шифр хранения 83.3(2Рос=Рус)6
c Каталожный индекс 83.3(2Рос=Рус)6; 84(2Рос=Рус)6-4
i Авторский знак О 72
p Инвентарный номер 29466(с)
901 Тип документа __
t Тип документа m
990 Данные о заказе (DOS) __
j Количество экземпляров (DOS) 1